书目信息 |
| 题名: |
化学热力学
|
|
| 作者: | 克洛茨 , Klotz , Rosenberg , 罗森堡 著 ;鲍银堂 , 苏企华 译 | |
| 分册: | ||
| 出版信息: | 北京 人民教育出版社 1981 |
|
| 页数: | 487页 | |
| 开本: | 21cm | |
| 丛书名: | ||
| 单 册: | ||
| 中图分类: | O642.1 | |
| 科图分类: | ||
| 主题词: | 化学热力学 | |
| 电子资源: | ||
| ISBN: | ||
| 000 | 00976nam0 2200325 45 | |
| 001 | 0182005171 | |
| 005 | 20060814105634.51 | |
| 010 | @dCNY2.05 | |
| 091 | @a13012.0642 | |
| 100 | @a19950421e19821981em y0chiy0121 ea | |
| 101 | 1 | @achi@ceng |
| 102 | @aCN@b110000 | |
| 105 | @ay z 000yy | |
| 200 | 10 | @a化学热力学@Ahua xue re li xue@f(美)克洛兹(I.M. Klotz),罗伯格(R.M. Rosenberg)著@g鲍银堂,苏企华译 |
| 210 | @a北京@c人民教育出版社@d1981@h1982重印 | |
| 215 | @a487页@d21cm | |
| 300 | @a书名原文:Chemical thermodynamics | |
| 304 | @a著者通译:克洛茨 | |
| 510 | 1 | @aChemical thermodynamics@zeng |
| 606 | @a化学热力学 | |
| 690 | @aO642.1@v3 | |
| 701 | 1 | @a克洛茨@Ake luo ci@bI.M.@4著 |
| 701 | A1 | @aKlotz@bI.M.@4著 |
| 701 | A1 | @aRosenberg@bR.M.@4著 |
| 701 | 1 | @a罗森堡@Aluo sen bao@bR.M.@4著 |
| 702 | 0 | @a鲍银堂@Abao yin tang@4译 |
| 702 | 0 | @a苏企华@Asu qi hua@4译 |
| 801 | 2 | @aCN@bNLC@c20060814 |
| 801 | 0 | @aCN@b上海图书馆@c20060731 |
| 905 | @dO642.1@e11 | |
| 化学热力学/(美)克洛兹(I.M. Klotz),罗伯格(R.M. Rosenberg)著/鲍银堂,苏企华译.-北京:人民教育出版社,1981(1982重印) |
| 487页;21cm |
| 书名原文:Chemical thermodynamics |
| ISBN :CNY2.05 |
| ● |
| 相关链接 |
|
|
|
|
正题名:化学热力学
索取号:O642.1/11
 
预约/预借
| 序号 | 登录号 | 条形码 | 馆藏地/架位号 | 状态 | 备注 |
| 1 | 0080264 | 000342506 | 第三借阅区/ [索取号:O642.1/11] | 在馆 | |
| 2 | 0080265 | 202105603 | 第二样本阅览室/ [索取号:O642.1/11] | 在馆 | |
| 3 | 0432826 | 204328263 | 密集书库/ [索取号:O642.1/11] | 在馆 | |
| 4 | 0432973 | 204329734 | 密集书库/ [索取号:O642.1/11] | 在馆 | |
| 5 | 0442854 | 204428547 | 密集书库/ [索取号:O642.1/11] | 在馆 | |
| 6 | 0442855 | 204428556 | 密集书库/ [索取号:O642.1/11] | 在馆 | |
| 7 | 0460988 | 204609888 | 密集书库/ [索取号:O642.1/11] | 在馆 | |
| 8 | 0460989 | 204609897 | 密集书库/ [索取号:O642.1/11] | 在馆 |